| 000 | 00372nam a2200145Ia 4500 | ||
|---|---|---|---|
| 008 | 230917s9999||||xx |||||||||||||| ||und|| | ||
| 040 |
_e144048 _aMAIN |
||
| 041 | _aEnglish | ||
| 082 | _a942 K761R | ||
| 100 | _aKnowles, Dom David | ||
| 245 | 0 | _aReligions orders in England | |
| 260 |
_aCambridge _bCambridge University Press _c1979 |
||
| 300 | _a511p. p. | ||
| 942 | _cBK | ||
| 999 |
_c212552 _d212552 |
||